00463 2200169 4500245005800000020001800058250001100076100001800087650002300105005001900128260002700147041001400174084000800188500006500196490002300261336000900284 aListrik dan Elektronika Volume 5cJulian HolandhText a979-3535-05-9 aCet. 1 aJulian Holand aEnsiklopedia Iptek a20231108131042 aJakartabLenterac2007 aIndonesia a503 aDaftar Isi : Listrik, Sirkuit Listrik, Magnet Dan Magnetisme aEnsiklopedia Iptek atext